Statystyki dla Piłka Nożna: Polacy w MLS sezon 2020

Kliknij tutaj aby rozwiązać quiz!

Ogólne statystyki

  • Ten quiz został rozwiązany 459 razy
  • Średni wynik to 4 z 5

Statystyki odpowiedzi

KlubPozycjaZawodnik% Poprawnych
New England RevolutionNapastnikAdam Buksa
89%
Chicago FirePomocnikPrzemyslaw Frankowski
80%
Portland TimbersNapastnikJarosław Niezgoda
71%
FC CincinnatiBramkarzPrzemysław Tytoń
64%
Philadelphia UnionNapastnikKacper Przybyłko
54%

Rozkład punktacji

Percentyl według liczby udzielonych odpowiedzi

Procent ludzi z każdym wynikiem

Twoja historia wyników

Nie rozwiązałeś tego quizu